| 000 | 00690nam a22002417a 4500 | ||
|---|---|---|---|
| 003 | OSt | ||
| 005 | 20140310181928.0 | ||
| 008 | 130720t xxu||||| |||| 00| 0 eng d | ||
| 020 | _a978715033060 | ||
| 050 |
_aBX 2350.2 _b.Sa237 1984 |
||
| 082 |
_aTR 268 _bSa5 2007 |
||
| 100 |
_aSantos, Mil _92477 |
||
| 245 |
_aFollowing God : _bbible curriculum and character building / _cMil Santos... et al. |
||
| 260 |
_aPasig City : _bICI Ministries, Inc. _cc1984. |
||
| 300 |
_a276 p. _bill. ; _c28 cm. |
||
| 521 | _aFaculty | ||
| 541 | _j1 | ||
| 541 | _j2 | ||
| 562 | _e2 | ||
| 600 |
_aDel Rosario, Sur _92478 |
||
| 650 |
_aChristian education _92466 |
||
| 942 |
_2lcc _cBK-TR _kTR |
||
| 999 |
_c7247 _d7247 |
||